| 000 | 00567nam a22001817a 4500 | ||
|---|---|---|---|
| 005 | 20171107110227.0 | ||
| 010 | _aENG-121256 | ||
| 020 |
_c100.00 _a9788123728049 |
||
| 035 | _aEN-104788 | ||
| 037 | _bDBAD/PUB | ||
| 082 | _a613.0424 | ||
| 100 | _aSheth, R. Parul | ||
| 245 |
_aSelf care for women / _cby Parul R. Sheth |
||
| 260 |
_aNew Delh _bNational Book Trust _c2015 |
||
| 270 |
_a Nehru Bhawan, 5 Institutional Area, Phase-II Vasant Kunj _bNew Delh _e110070 |
||
| 300 |
_axi, 655p. : _c22cm.(pbk) _bill. |
||
| 942 |
_2ddc _cEN _h613.0424 _mSHE |
||
| 999 |
_c147193 _d147193 |
||